000 00421nam a22001817a 4500
003 MPLRDC
005 20220104123625.0
008 210129b ||||| |||| 00| 0 eng d
082 _a220.8 SYS v.1
100 _a释印顺
245 _a佛法概论
_c
250 _a初版
260 _a
_b十方出版社
_c1988
300 _b
490 _a妙云选辑. 1
650 _a佛教丛书
942 _cBK
_o220.8 SYS v.1
999 _c12879
_d12869